Hình học giải tích Giáo trình dùng cho các trường Cao đẳng Sư phạm
Bao gồm các vấn đề về véctơ và toạ độ, phương trình của đường và mặt, các khái niệm về đường thẳng và mặt phẳng, đường bậc hai, mặt bậc hai...
Đã lưu trong:
| 主要作者: | |
|---|---|
| 其他作者: | |
| 格式: | 圖書 |
| 語言: | Vietnamese |
| 出版: |
H.
Đại học Sư phạm
2003
|
| 主題: | |
| 標簽: |
添加標簽
沒有標簽, 成為第一個標記此記錄!
|
| Thư viện lưu trữ: | Mạng thư viện Đại học Đà Nẵng |
|---|
| LEADER | 01314nam a2200337 4500 | ||
|---|---|---|---|
| 001 | 000008038 | ||
| 003 | 4219 | ||
| 005 | 20111013151054.0 | ||
| 008 | 111013s2003 viesd | ||
| 020 | |c 0đ | ||
| 041 | 0 | |a vie | |
| 082 | |a 516.3 |b VĂ-C | ||
| 100 | 0 | |a Văn Như Cương | |
| 245 | 0 | |a Hình học giải tích |b Giáo trình dùng cho các trường Cao đẳng Sư phạm |c B.s: Văn Như Cương (ch.b), Hoàng Trọng Thái | |
| 260 | |a H. |b Đại học Sư phạm |c 2003 | ||
| 300 | |a 175tr. |c 24cm | ||
| 520 | |a Bao gồm các vấn đề về véctơ và toạ độ, phương trình của đường và mặt, các khái niệm về đường thẳng và mặt phẳng, đường bậc hai, mặt bậc hai... | ||
| 653 | |a Hình học | ||
| 653 | |a Toán học | ||
| 700 | |a Hoàng Trọng Thái |e b.s | ||
| 910 | |a Phuong |d 13/10/2011 | ||
| OWN | |a LSP | ||
| AVA | |a UDN50 |b LSP |d 516.3 VĂ-C |e available |t Error 5001 Not defined in file expand_doc_bib_avail. |f 1 |g 0 |h N |i 0 |k 1 | ||
| 999 | |a From the UDN01 | ||
| AVA | |a UDN50 |b LSP |d 516.3 VĂ-C |e available |t Error 5001 Not defined in file expand_doc_bib_avail. |f 1 |g 0 |h N |i 0 |k 1 | ||
| TYP | |a Monograph | ||
| TYP | |a Printed language | ||
| 980 | |a Mạng thư viện Đại học Đà Nẵng | ||